Občianske združenia (1.) - založenie a vznik Edmund Horváth

Bibliographic Details
Main Author: Horváth, Edmund (Author)
Format: Article
Language:Slovak
ISSN:1337-0448
Subjects:

MARC

LEADER 00000nab a2200000 ar4500
001 vtls010197775
003 SK-MaSNL
005 20260303210819.0
008 101214c2010 xo |||||||||||000 b|slo
015 |a SNBRB2010/12  |2 snkbucl 
038 |a SNKBUCL 
040 |a SNKBUCL  |b slo  |c SNKBUCL  |e AACR2 
041 0 |a slo 
044 |a xo  |c SK 
080 |a 347  |x (437.6)  |2 2001 
080 |a 061.23  |2 2001 
100 1 |a Horváth, Edmund  |4 aut  |9 345031 
245 1 0 |a Občianske združenia (1.) - založenie a vznik  |b Edmund Horváth 
650 0 7 |a občianske právo  |2 snkbucl  |9 981 
650 0 7 |a občianske združenia  |2 snkbucl  |9 29132 
650 0 7 |a založenia a vznik  |2 snkbucl  |9 1242994 
773 0 |t Verejná správa : školy, úrady, obce, kultúra, zdravotníctvo, rozpočtové, príspevkové, neziskové organizácie  |g Č. 12-13 (2010), s. 40-46  |x 1337-0448 
852 |a SNK  |b KIS3GCP 
999 |c 2201901  |d 2203831